000 00655cam a22002293a 4500
001 25638
003 PGUSA
005 20140828083542.0
008 080529s2008||||xxu|||||s|||||000 | eng d
040 _aPGUSA
_beng
042 _adc
050 4 _aBF
100 1 _aTroward, T.
_q(Thomas),
_d1847-1916
245 1 4 _aThe Hidden Power, and Other Papers upon Mental Science
_h[electronic resource] /
_cT. Troward
260 _bProject Gutenberg,
_c2008
506 _aPublic domain in the USA.
516 _aElectronic text
653 _aNew Thought
830 0 _aProject Gutenberg
_v25638
856 4 0 _uhttp://www.gutenberg.org/ebooks/25638
942 _cEB
999 _c254893
_d254893